Fundamentos de la enfermería (Registro nro. 3688)

Detalles MARC
000 -CABECERA
campo de control de longitud fija 01153cam a2200325 b 4500
001 - NÚMERO DE CONTROL
campo de control bimo0001411120
003 - IDENTIFICADOR DEL NÚMERO DE CONTROL
campo de control SpMaBN
005 - FECHA Y HORA DE LA ÚLTIMA TRANSACCIÓN
campo de control 20181205112400.0
008 - DATOS DE LONGITUD FIJA--INFORMACIÓN GENERAL
campo de control de longitud fija 991209s1999 sp | ||| ||spa
016 7# - NÚMERO DE CONTROL DE UNA AGENCIA BIBLIOGRÁFICA NACIONAL
Número de control del registro bimoBNE19996689605
Fuente SpMaBN
017 ## - NÚMERO DE COPYRIGHT O DE DEPÓSITO LEGAL
Número de copyright o de depósito legal M 32688-1999
Agencia que asigna Oficina Depósito Legal Madrid
020 ## - NÚMERO INTERNACIONAL ESTÁNDAR DEL LIBRO
Número Internacional Estándar del Libro 8448602609
035 ## - NÚMERO DE CONTROL DEL SISTEMA
Número de control de sistema (OCoLC)48378361
040 ## - FUENTE DE LA CATALOGACIÓN
Centro catalogador/agencia de origen SpMaBN
Centro/agencia transcriptor AR-RoIUNI
080 #0 - NÚMERO DE LA CLASIFICACIÓN DECIMAL UNIVERSAL
Número de la Clasificación Decimal Universal 614.253 HER
100 1# - ENTRADA PRINCIPAL--NOMBRE DE PERSONA
Nombre de persona Hernández Conesa, Juana
Fechas asociadas al nombre 1956-
245 10 - MENCIÓN DE TÍTULO
Título Fundamentos de la enfermería
Resto del título Teoría y método
Mención de responsabilidad, etc. J. Hernández-Conesa, M. Esteban-Albert ; con la colaboración de P. Moral de Calatrava, M. Ruzafa-Martínez
260 ## - PUBLICACIÓN, DISTRIBUCIÓN, ETC. (PIE DE IMPRENTA)
Lugar de publicación, distribución, etc. Madrid
Nombre del editor, distribuidor, etc. McGraw-Hill, Interamericana de España
Fecha de publicación, distribución, etc. [1999]
300 ## - DESCRIPCIÓN FÍSICA
Extensión XV, 151 p.
Dimensiones 25 cm.
650 #7 - PUNTO DE ACCESO ADICIONAL DE MATERIA--TÉRMINO DE MATERIA
Término de materia o nombre geográfico como elemento inicial Cuidados de enfermería
Fuente del encabezamiento o término embne
650 10 - PUNTO DE ACCESO ADICIONAL DE MATERIA--TÉRMINO DE MATERIA
Término de materia o nombre geográfico como elemento inicial Enfermería
9 (RLIN) 86
650 #7 - PUNTO DE ACCESO ADICIONAL DE MATERIA--TÉRMINO DE MATERIA
Término de materia o nombre geográfico como elemento inicial Teoría
650 #7 - PUNTO DE ACCESO ADICIONAL DE MATERIA--TÉRMINO DE MATERIA
Término de materia o nombre geográfico como elemento inicial Método
700 1# - PUNTO DE ACCESO ADICIONAL--NOMBRE DE PERSONA
Nombre de persona Esteban Albert, Manuel
942 ## - ELEMENTOS DE PUNTO DE ACCESO ADICIONAL (KOHA)
Fuente del sistema de clasificación o colocación Clasificación Decimal Universal
Tipo de ítem Koha Libros
956 ## - LOCALIZACIÓN Y ACCESO ELECTRÓNICOS LOCAL (OCLC)
Nombre del host 2
980 ## - EQUIVALENCIA O REFERENCIA-CRUZADA-MENCIÓN DE SERIE--NOMBRE DE PERSONA/TÍTULO [LOCAL, CANADÁ]
Nombre de persona M 32688-1999
-- M-BN
Numeración BNALCALA
Calificador de atribución 10/148651
Títulos y otros términos asociados al nombre ALCALA
980 ## - EQUIVALENCIA O REFERENCIA-CRUZADA-MENCIÓN DE SERIE--NOMBRE DE PERSONA/TÍTULO [LOCAL, CANADÁ]
Nombre de persona M 32688-1999
-- 84-486-0260-9
-- M-BN
Numeración BNALCALA
Calificador de atribución AHM/452090
Títulos y otros términos asociados al nombre SALA_ALC
980 ## - EQUIVALENCIA O REFERENCIA-CRUZADA-MENCIÓN DE SERIE--NOMBRE DE PERSONA/TÍTULO [LOCAL, CANADÁ]
Nombre de persona M 32688-1999
-- M-BN
Numeración BNALCALA
Calificador de atribución DL/869466
Títulos y otros términos asociados al nombre CONSERVACI
Existencias
Estado de retiro Estado de pérdida Fuente del sistema de clasificación o colocación Estado dañado Restricciones de uso Excepción de préstamo Código de colección Localización permanente Ubicación/localización actual Ubicación en estantería Fecha de adquisición Número de inventario Total de préstamos Signatura topográfica completa Código de barras Fecha visto por última vez Precio válido a partir de Tipo de ítem Koha
    Clasificación Decimal Universal   Consulta en biblioteca   Enfermería BIBLIOTECA RIOBAMBA BIBLIOTECA RIOBAMBA BIBLIOTECA RIOBAMBA 06/08/2021 3818   614.253 HER 3818c 29/09/2017 29/09/2017 Libros